Využitie mikrovlnného radaru pri automatickom zbere dát

Analýza dopravy prostredníctvom automatického sčítača dopravy - mikrovlnného radaru Sierzega SR4. Možnosti využitia daného zariadenia pre automatický zber dopravných údajov.

Enregistré dans:
Détails bibliographiques
Auteur principal: Gavulová, Andrea
Format: Chapitre de livre
Langue:slovaque
Sujets:
Tags: Ajouter un tag
Pas de tags, Soyez le premier à ajouter un tag!

MARC

LEADER 00000naa a2200000 4500
001 0157364
005 20231018105812.5
041 0 |a slo 
044 |a SK 
245 1 0 |a Využitie mikrovlnného radaru pri automatickom zbere dát  |c Andrea Gavulová 
520 |a Analýza dopravy prostredníctvom automatického sčítača dopravy - mikrovlnného radaru Sierzega SR4. Možnosti využitia daného zariadenia pre automatický zber dopravných údajov. 
610 2 0 |a doprava 
610 2 0 |a systémy informačné 
610 2 0 |a infraštruktúra dopravná 
610 2 0 |a údaje štatistické 
100 1 |a Gavulová, Andrea